| 000 | 00428nam a2200181Ia 4500 | ||
|---|---|---|---|
| 008 | 210210b1936 xxu||||| |||| 00| 0 eng d | ||
| 041 | _aeng | ||
| 082 | _a519/44 | ||
| 100 | _aDURELL (C V) | ||
| 245 | _aGeneral arithmatic for schools | ||
| 260 |
_aLondon _bG Bell and Sons Limited _c1936 |
||
| 650 | _aschools | ||
| 650 | _aGeneral | ||
| 650 | _afor | ||
| 650 | _aarithmatic | ||
| 690 | _aMathematics | ||
| 906 | _a007905 | ||
| 999 |
_c140764 _d140764 |
||